000 00532nam a2200193Ia 4500
001 59801
008 160517n ii |||gr||||Z||||||465
020 _a978 93 80454 30 6
082 _a491.41
100 _aDas,
_eBiswajit .
245 0 _aAxamiya aru Axamar bhasha
_cEd.Biswajit Das& Phukan Ch Basumatary
_hTextual Documents
250 _aIst ed - 2010.
260 _aGuwahati
_bAANK-BAAK
300 _a608p:
_c23cm.
653 _aAssamese Language
653 _aPG - As
700 _aBasumatary,
_ePhukan Ch.
942 _2ddc
_cBK
999 _c59676
_d59676